KOHA-Header-6

Banking Services and Customer Protection (Record no. 1447)

000 -LEADER
fixed length control field 00331nam a2200121Ia 4500
008 - FIXED-LENGTH DATA ELEMENTS--GENERAL INFORMATION
fixed length control field 190723s9999 xx 000 0 und d
020 ## - INTERNATIONAL STANDARD BOOK NUMBER
International Standard Book Number 978-81-207-8943-2
100 ## - MAIN ENTRY--PERSONAL NAME
Personal name P.D.Shenoy and T.Y.
245 #0 - TITLE STATEMENT
Title Banking Services and Customer Protection
260 ## - PUBLICATION, DISTRIBUTION, ETC. (IMPRINT)
Place of publication, distribution, etc New Delhi
Name of publisher, distributor, etc Sterling Paperbacks
Date of publication, distribution, etc 2014
300 ## - PHYSICAL DESCRIPTION
Extent 512.:P
942 ## - ADDED ENTRY ELEMENTS (KOHA)
Koha item type Books
Holdings
Withdrawn status Lost status Source of classification or shelving scheme Damaged status Not for loan Collection code Permanent Location Current Location Shelving location Date acquired Full call number Barcode Date last seen Price effective from Koha item type
          Banking MAJU MAJU Shelf No.A45 2019-07-23 346.54 8071 2019-07-23 2019-07-23 Banking

Powered by Koha